MARC details
| 000 -CABECERA |
| campo de control de longitud fija |
02878cas a22005657a 4500 |
| 003 - IDENTIFICADOR DEL NÚMERO DE CONTROL |
| campo de control |
CHAP |
| 005 - FECHA Y HORA DE LA ÚLTIMA TRANSACCIÓN |
| campo de control |
20231010062646.0 |
| 008 - DATOS DE LONGITUD FIJA--INFORMACIÓN GENERAL |
| campo de control de longitud fija |
001017 tr pernn 0 b1eng-d |
| 010 ## - NÚMERO DE CONTROL DE LA BIBLIOTECA DEL CONGRESO |
| Número de control de LC |
96354 |
| 011 ## - ENLACE DEL NUMERO DE CONTROL DE LA BIBLIOTECA DEL CONGRESO [OBSOLETO] |
| Número de control de LC |
97326 |
| 022 ## - NÚMERO INTERNACIONAL NORMALIZADO PARA PUBLICACIONES SERIADAS |
| Número Internacional Normalizado para Publicaciones Seriadas |
1573-5214 |
| 035 ## - NÚMERO DE CONTROL DEL SISTEMA |
| Número de control de sistema |
107990 |
| 040 ## - FUENTE DE LA CATALOGACIÓN |
| Centro/agencia transcriptor |
CHAP |
| 245 00 - MENCIÓN DE TÍTULO |
| Título |
NAJS - Wageningen Journal of Life Sciences |
| 260 0# - PUBLICACIÓN, DISTRIBUCIÓN, ETC. |
| Lugar de publicación, distribución, etc. |
Wageningen, The Netherlands: |
| Nombre del editor, distribuidor, etc. |
Royal Netherlands Society for Agricultrual Sciences |
| Fecha de publicación, distribución, etc. |
19- |
| 300 ## - DESCRIPCIÓN FÍSICA |
| Extensión |
v. |
| Otras características físicas |
ilus. |
| 310 ## - PERIODICIDAD ACTUAL |
| Periodicidad actual |
Trimestral |
| 362 ## - FECHAS DE PUBLICACIÓN Y/O DESIGNACIÓN SECUENCIAL |
| Fecha de publicación y/o designación secuencial |
v. 54 n.1, 2006 |
| 590 ## - NOTA LOCAL (RLIN) |
| Nota local |
BATCH-UPD |
| Procedencia (VM) [OBSOLETO] |
10 |
| Condición del los carretes individuales (VM) [OBSOLETO] |
20130110 |
| -- |
UCH01 |
| -- |
0214 |
| 590 ## - NOTA LOCAL (RLIN) |
| Nota local |
BATCH-UPD |
| Procedencia (VM) [OBSOLETO] |
10 |
| Condición del los carretes individuales (VM) [OBSOLETO] |
20130110 |
| -- |
UCH01 |
| -- |
0858 |
| 590 ## - NOTA LOCAL (RLIN) |
| Nota local |
BATCH-UPD |
| Procedencia (VM) [OBSOLETO] |
10 |
| Condición del los carretes individuales (VM) [OBSOLETO] |
20130409 |
| -- |
UCH01 |
| -- |
2231 |
| 590 ## - NOTA LOCAL (RLIN) |
| Nota local |
BATCH-UPD |
| Procedencia (VM) [OBSOLETO] |
10 |
| Condición del los carretes individuales (VM) [OBSOLETO] |
20130913 |
| -- |
UCH01 |
| -- |
2116 |
| 590 ## - NOTA LOCAL (RLIN) |
| Nota local |
CONVERSION |
| Procedencia (VM) [OBSOLETO] |
10 |
| Condición del los carretes individuales (VM) [OBSOLETO] |
20130109 |
| -- |
UCH01 |
| -- |
1353 |
| 650 07 - PUNTO DE ACCESO ADICIONAL DE MATERIA--TÉRMINO DE MATERIA |
| Término de materia o nombre geográfico como elemento de entrada |
Agricultura |
| Subdivisión general |
Publicaciones periódicas |
| Fuente del encabezamiento o término |
|
| 9 (RLIN) |
1772 |
| 650 04 - PUNTO DE ACCESO ADICIONAL DE MATERIA--TÉRMINO DE MATERIA |
| Término de materia o nombre geográfico como elemento de entrada |
Biología |
| Subdivisión general |
Publicaciones periódicas. |
| 9 (RLIN) |
12799 |
| 852 #2 - LOCALIZACIÓN |
| -- |
ISSUE |
| Anterior ubicación en estantería |
2012-12-17 |
| -- |
03 |
| 852 #2 - LOCALIZACIÓN |
| -- |
ISSUE |
| Anterior ubicación en estantería |
2012-12-17 |
| -- |
03 |
| 852 #2 - LOCALIZACIÓN |
| -- |
ISSUE |
| Anterior ubicación en estantería |
2012-12-17 |
| -- |
03 |
| 852 #2 - LOCALIZACIÓN |
| -- |
ISSUE |
| Anterior ubicación en estantería |
2012-12-17 |
| -- |
03 |
| 852 #2 - LOCALIZACIÓN |
| -- |
ISSUE |
| Anterior ubicación en estantería |
2012-12-17 |
| -- |
03 |
| 852 #2 - LOCALIZACIÓN |
| -- |
ISSUE |
| Anterior ubicación en estantería |
2012-12-17 |
| -- |
03 |
| 852 #2 - LOCALIZACIÓN |
| -- |
ISSUE |
| Anterior ubicación en estantería |
2012-12-17 |
| -- |
03 |
| 852 #2 - LOCALIZACIÓN |
| -- |
ISSUE |
| Anterior ubicación en estantería |
2012-12-17 |
| -- |
03 |
| 852 #2 - LOCALIZACIÓN |
| -- |
ISSUE |
| Anterior ubicación en estantería |
2012-12-17 |
| -- |
03 |
| 866 ## - MENCIÓN TEXTUAL DE FONDOS--UNIDAD BIBLIOGRÁFICA BÁSICA |
| Cadena textual |
v. 54 n. 1 (March 2006) - v. 54 n. 2 (June 2006) |
| 866 ## - MENCIÓN TEXTUAL DE FONDOS--UNIDAD BIBLIOGRÁFICA BÁSICA |
| Cadena textual |
v. 55 n. 2 (June 2007) - v. 55 n. 4 (December 2007) |
| 866 ## - MENCIÓN TEXTUAL DE FONDOS--UNIDAD BIBLIOGRÁFICA BÁSICA |
| Cadena textual |
v. 56 n. 1 (March 2008) - v. 56 n. 4 (December 2008) |
| 901 ## - ELEMENTOS DE DATOS A LOCAL LDA (RLIN) |
| a |
SE |
| 905 ## - ELEMENTOS DE DATOS E LOCAL, LDE (RLIN) |
| a |
Araceli Hernández Gómez. |
| 942 ## - ELEMENTOS DE PUNTO DE ACCESO ADICIONAL (KOHA) |
| Tipo de ítem Koha |
Publicaciones seriadas |
| 949 ## - PROCESAMIENTO DE INFORMACIÓN LOCAL (OCLC) |
| b |
BC |
| c |
PS |
| d |
202938 |
| e |
PS |
| f |
v. 54 n. 1 ( March 2006) |
| i |
107990 |
| j |
54 |
| s |
n |
| 949 ## - PROCESAMIENTO DE INFORMACIÓN LOCAL (OCLC) |
| b |
BC |
| c |
PS |
| d |
202939 |
| e |
PS |
| f |
v. 54 n. 2 ( June 2006) |
| i |
107990 |
| j |
54 |
| s |
n |
| 949 ## - PROCESAMIENTO DE INFORMACIÓN LOCAL (OCLC) |
| b |
BC |
| c |
PS |
| d |
203225 |
| e |
PS |
| f |
v. 55 n. 2 ( June 2007) |
| i |
107990 |
| j |
55 |
| s |
n |
| 949 ## - PROCESAMIENTO DE INFORMACIÓN LOCAL (OCLC) |
| b |
BC |
| c |
PS |
| d |
203226 |
| e |
PS |
| f |
v. 55 n. 3 ( September 2007) |
| i |
107990 |
| j |
55 |
| s |
n |
| 949 ## - PROCESAMIENTO DE INFORMACIÓN LOCAL (OCLC) |
| b |
BC |
| c |
PS |
| d |
203227 |
| e |
PS |
| f |
v. 55 n. 4 ( December 2007) |
| i |
107990 |
| j |
55 |
| s |
n |
| 949 ## - PROCESAMIENTO DE INFORMACIÓN LOCAL (OCLC) |
| b |
BC |
| c |
PS |
| d |
203228 |
| e |
PS |
| f |
v. 56 n. 1 ( March 2008) |
| i |
107990 |
| j |
56 |
| s |
n |
| 949 ## - PROCESAMIENTO DE INFORMACIÓN LOCAL (OCLC) |
| b |
BC |
| c |
PS |
| d |
203229 |
| e |
PS |
| f |
v. 56 n. 2 ( June 2008) |
| i |
107990 |
| j |
56 |
| s |
n |
| 949 ## - PROCESAMIENTO DE INFORMACIÓN LOCAL (OCLC) |
| b |
BC |
| c |
PS |
| d |
203230 |
| e |
PS |
| f |
v. 56 n. 3 ( September 2008) |
| i |
107990 |
| j |
56 |
| s |
n |
| 949 ## - PROCESAMIENTO DE INFORMACIÓN LOCAL (OCLC) |
| b |
BC |
| c |
PS |
| d |
204918 |
| e |
PS |
| f |
v. 56 n. 4 ( December 2008) |
| i |
107990 |
| j |
56 |
| s |
n |